Le petit larousse illustré 2012

Sparad:
Bibliografiska uppgifter
Materialtyp: Bok
Språk:Undetermined
Publicerad: Paris Larousse 2011
Ämnen:
Taggar: Lägg till en tagg
Inga taggar, Lägg till första taggen!
Thư viện lưu trữ: Trung tâm Học liệu Trường Đại học Cần Thơ
LEADER 00464nam a2200181Ia 4500
001 CTU_175259
008 210402s9999 xx 000 0 und d
020 |c 1649760 
082 |a 443 
082 |b P489 
245 0 |a Le petit larousse illustré 2012 
245 0 |c Larousse 
260 |a Paris 
260 |b Larousse 
260 |c 2011 
650 |a French language,Tiếng Pháp 
904 |i Hải 
980 |a Trung tâm Học liệu Trường Đại học Cần Thơ